[Event "HUN-chT2 Szechenyi 1819"]
[Site "Hungary"]
[Date "2019.04.28"]
[Round "9.7"]
[White "Kadi, Richard"]
[Black "Szokolszky, Miklos"]
[Result "1/2-1/2"]
[WhiteElo "1816"]
[BlackElo "1886"]
[PlyCount "79"]
[EventDate "2018.10.28"]
[EventType "team-tourn"]
[EventRounds "9"]
[EventCountry "HUN"]
[SourceTitle "EXT 2021"]
[Source "ChessBase"]
[SourceDate "2020.10.23"]
[SourceVersion "1"]
[SourceVersionDate "2020.10.23"]
[SourceQuality "1"]
[WhiteTeam "Gyor Szechenyi II"]
[BlackTeam "Sarvar"]
[WhiteTeamCountry "HUN"]
[BlackTeamCountry "HUN"]

1. e4 e6 2. Qe2 c5 3. Nc3 Nc6 4. Nf3 Nge7 5. d3 Nd4 6. Nxd4 cxd4 7. Nd1 e5 8. f4 d6 9. c3 Nc6 10. Qf2 Be7 11. Be2 0-0 12. 0-0 f5 13. cxd4 Nxd4 14. Be3 Nc2 15. Rc1 Nxe3 16. Qxe3 exf4 17. Qd4 fxe4 18. Qxe4 Bg5 19. Qd5+ Kh8 20. Bf3 Qb6+ 21. Kh1 h6 22. Rc2 Rb8 23. Nf2 Bd7 24. Ne4 Be7 25. Rfc1 Rf5 26. Qb3 Qxb3 27. axb3 Bc6 28. Re2 Bf8 29. Nd2 Bxf3 30. Nxf3 Rc5 31. Rc4 g5 32. Re6 Rbc8 33. h3 Kg8 34. Nd4 Kf7 35. Re2 Re8 36. Rf2 Kg6 37. Nf3 b5 38. Re4 Rxe4 39. dxe4 Bg7 40. Rd2 1/2-1/2

[Event "HUN-chT2 Szechenyi 1819"]
[Site "Hungary"]
[Date "2018.10.28"]
[Round "1.8"]
[White "Hajdu, Istvan1111"]
[Black "Szokolszky, Miklos"]
[Result "1/2-1/2"]
[WhiteElo "1846"]
[BlackElo "1886"]
[PlyCount "30"]
[EventDate "2018.10.28"]
[EventType "team-tourn"]
[EventRounds "9"]
[EventCountry "HUN"]
[SourceTitle "EXT 2021"]
[Source "ChessBase"]
[SourceDate "2020.10.23"]
[SourceVersion "1"]
[SourceVersionDate "2020.10.23"]
[SourceQuality "1"]
[WhiteTeam "Haladas Szombathely III"]
[BlackTeam "Sarvar"]
[WhiteTeamCountry "HUN"]
[BlackTeamCountry "HUN"]

1. d4 d5 2. Nf3 Nf6 3. e3 e6 4. c4 Be7 5. Nc3 0-0 6. Bd3 dxc4 7. Bxc4 b6 8. 0-0 Bb7 9. a3 Nbd7 10. b4 Rc8 11. Bb2 Ne4 12. Nxe4 Bxe4 13. Nd2 Bb7 14. e4 Nf6 15. e5 Nd5 1/2-1/2

[Event "HUN-chT2 Szechenyi 1718"]
[Site "Hungary"]
[Date "2018.03.04"]
[Round "7.6"]
[White "Nemeth, Zsolt"]
[Black "Szokolszky, Miklos"]
[Result "1-0"]
[WhiteElo "1960"]
[BlackElo "1926"]
[PlyCount "79"]
[EventDate "2017.10.29"]
[EventType "team-tourn"]
[EventRounds "9"]
[EventCountry "HUN"]
[SourceTitle "EXT 2021"]
[Source "ChessBase"]
[SourceDate "2020.10.23"]
[SourceVersion "1"]
[SourceVersionDate "2020.10.23"]
[SourceQuality "1"]
[WhiteTeam "Keszthely Spartacus"]
[BlackTeam "Sarvar"]
[WhiteTeamCountry "HUN"]
[BlackTeamCountry "HUN"]

1. e4 e6 2. d4 d5 3. e5 c5 4. c3 Qb6 5. Nf3 Nc6 6. a3 cxd4 7. cxd4 Bd7 8. b4 Nge7 9. Be3 Nf5 10. Bd3 Nxe3 11. fxe3 g6 12. 0-0 Bh6 13. Qe2 0-0 14. g4 Qd8 15. h4 Rc8 16. Nbd2 Qe7 17. g5 Bg7 18. Nh2 h5 19. gxh6 Bxh6 20. Ndf3 Kg7 21. Ng4 Rh8 22. Nf6 Qd8 23. Rf2 Ne7 24. Ng5 Bxg5 25. hxg5 Nf5 26. Rh2 Ba4 27. Qd2 Ng3 28. Rc1 Rxc1+ 29. Qxc1 Rxh2 30. Kxh2 Nh5 31. Kg2 Nxf6 32. exf6+ Kg8 33. Qh1 Qf8 34. Qc1 Qd8 35. b5 Qd7 36. Qc5 b6 37. Qb4 Bd1 38. Qe7 Qc8 39. Bxg6 Qf8 40. Bh7+ 1-0

[Event "HUN-chT2 Szechenyi 1516"]
[Site "Hungary"]
[Date "2016.02.14"]
[Round "7.7"]
[White "Gaal, Alexander"]
[Black "Szokolszky, Miklos"]
[Result "0-1"]
[WhiteElo "1907"]
[BlackElo "1900"]
[PlyCount "72"]
[EventDate "2015.09.13"]
[EventType "team-tourn"]
[EventRounds "11"]
[EventCountry "HUN"]
[SourceTitle "EXT 2017"]
[Source "ChessBase"]
[SourceDate "2016.10.25"]
[SourceVersion "1"]
[SourceVersionDate "2016.10.25"]
[SourceQuality "1"]
[WhiteTeam "HVSE Infraplan"]
[BlackTeam "Sarvar"]
[WhiteTeamCountry "HUN"]
[BlackTeamCountry "HUN"]

1. e4 e5 2. Nf3 Nc6 3. Bc4 Bc5 4. 0-0 Nf6 5. d4 Bxd4 6. Nxd4 Nxd4 7. Bg5 h6 8. Bh4 g5 9. f4 d5 10. fxg5 Bg4 11. Qe1 Nxe4 12. g6 f6 13. Bd3 Ng5 14. c3 Nde6 15. h3 Bh5 16. Bf5 Ng7 17. Bxg5 hxg5 18. Qf2 Rh6 19. Nd2 Bxg6 20. Bxg6+ Rxg6 21. c4 c6 22. Kh1 Ne6 23. Qf5 Nf8 24. cxd5 cxd5 25. Rad1 Qd7 26. Qf2 Qb5 27. Nb3 b6 28. Qc2 Qc4 29. Qd2 Rd8 30. Rc1 Qh4 31. Qd3 g4 32. Rc7 gxh3 33. gxh3 Rg3 34. Qb5+ Nd7 35. Rf2 Rxh3+ 36. Kg1 Rh1+ 0-1

[Event "HUN-chT2 Szechenyi 1415"]
[Site "Hungary"]
[Date "2015.04.26"]
[Round "11.7"]
[White "Domonkos, Tamas"]
[Black "Szokolszky, Miklos"]
[Result "1/2-1/2"]
[WhiteElo "1924"]
[BlackElo "1847"]
[PlyCount "43"]
[EventDate "2014.09.07"]
[EventType "team-tourn"]
[EventRounds "11"]
[EventCountry "HUN"]
[SourceTitle "EXT 2016"]
[Source "ChessBase"]
[SourceDate "2015.10.08"]
[SourceVersion "1"]
[SourceVersionDate "2015.10.08"]
[SourceQuality "1"]
[WhiteTeam "Tapolca"]
[BlackTeam "Sarvar"]
[WhiteTeamCountry "HUN"]
[BlackTeamCountry "HUN"]

1. c4 e5 2. Nc3 Nf6 3. d3 Be7 4. Nf3 d6 5. g3 0-0 6. Bg2 Nc6 7. 0-0 h6 8. Nd5 Be6 9. e4 Qd7 10. a3 Bg4 11. Be3 Nxd5 12. cxd5 Nd4 13. Bxd4 exd4 14. Qc2 Bxf3 15. Bxf3 b5 16. Rac1 Rac8 17. Qc6 Qxc6 18. Rxc6 Bd8 19. Rfc1 Rb8 20. b4 f5 21. Bh5 f4 22. Kg2 1/2-1/2

[Event "HUN-chT2 Szechenyi 1415"]
[Site "Hungary"]
[Date "2015.01.25"]
[Round "7.9"]
[White "Szokolszky, Miklos"]
[Black "Borhy, Marcell Boldizsar"]
[Result "1/2-1/2"]
[WhiteElo "1847"]
[BlackElo "1571"]
[PlyCount "87"]
[EventDate "2014.09.07"]
[EventType "team-tourn"]
[EventRounds "11"]
[EventCountry "HUN"]
[SourceTitle "EXT 2016"]
[Source "ChessBase"]
[SourceDate "2015.10.08"]
[SourceVersion "1"]
[SourceVersionDate "2015.10.08"]
[SourceQuality "1"]
[WhiteTeam "Sarvar"]
[BlackTeam "Arboretum"]
[WhiteTeamCountry "HUN"]
[BlackTeamCountry "HUN"]

1. e4 c5 2. Nf3 d6 3. d4 cxd4 4. Nxd4 Nf6 5. Nc3 g6 6. Be2 Bg7 7. Be3 0-0 8. Qd2 Nc6 9. f3 Bd7 10. 0-0-0 Rc8 11. g4 Ne5 12. h4 Qa5 13. Kb1 Nc4 14. Bxc4 Rxc4 15. Nd5 Qxd2 16. Nxe7+ Kh8 17. Rxd2 Re8 18. g5 Nxe4 19. fxe4 Rxe7 20. Nb3 Rcxe4 21. Bxa7 Be5 22. Bd4 Bg4 23. Bxe5+ dxe5 24. Kc1 Rc4 25. c3 Kg7 26. Rd6 h5 27. Nd2 Rf4 28. Rf1 Bf5 29. Rxf4 exf4 30. b4 Re1+ 31. Kb2 Re2 32. Ka3 Be6 33. b5 Bxa2 34. Kxa2 f3 35. Kb3 f2 36. Nf1 Re1 37. Ng3 Rg1 38. Rf6 Rxg3 39. Rxf2 Rg4 40. Rh2 f6 41. gxf6+ Kxf6 42. c4 Ke5 43. Kb4 b6 44. Rh1 1/2-1/2

[Event "HUN-chT2 Szechenyi 1314"]
[Site "Hungary"]
[Date "2014.02.16"]
[Round "7.9"]
[White "Szokolszky, Miklos"]
[Black "Ragats, Bertalan"]
[Result "1-0"]
[WhiteElo "1845"]
[BlackElo "1631"]
[PlyCount "73"]
[EventDate "2013.09.08"]
[EventType "team-tourn"]
[EventRounds "11"]
[EventCountry "HUN"]
[SourceTitle "EXT 2016"]
[Source "ChessBase"]
[SourceDate "2015.10.08"]
[SourceVersion "1"]
[SourceVersionDate "2015.10.08"]
[SourceQuality "1"]
[WhiteTeam "Sarvar"]
[BlackTeam "Lovo"]
[WhiteTeamCountry "HUN"]
[BlackTeamCountry "HUN"]

1. e4 c5 2. Nf3 Nc6 3. d4 cxd4 4. Nxd4 Nf6 5. Nc3 e5 6. Nb3 d6 7. Be2 Be7 8. Be3 Be6 9. Qd2 Ng4 10. Bxg4 Bxg4 11. f3 Be6 12. 0-0-0 Bc4 13. Nd5 Bxd5 14. Qxd5 0-0 15. Nd2 Qc7 16. a3 Rfd8 17. f4 Rac8 18. c3 h6 19. Rhf1 Bf8 20. f5 Be7 21. g4 Bf6 22. Kb1 b6 23. Rg1 Ne7 24. Qb3 d5 25. g5 hxg5 26. Bxg5 Qc6 27. Rde1 dxe4 28. Nxe4 Nd5 29. Nxf6+ Nxf6 30. Rxe5 Qd6 31. Bxf6 Qxf6 32. Rge1 Rc5 33. Rxc5 bxc5 34. Qc2 c4 35. Qe4 Qb6 36. Qxc4 Rd2 37. Re8+ 1-0

[Event "HUN-chT U18"]
[Site "Budapest"]
[Date "2012.10.28"]
[Round "3.2"]
[White "Szokolszky, Miklos"]
[Black "Szente Varga, Fruzsina"]
[Result "0-1"]
[WhiteElo "1818"]
[BlackElo "2025"]
[PlyCount "52"]
[EventDate "2012.10.28"]
[EventType "team-swiss"]
[EventRounds "8"]
[EventCountry "HUN"]
[SourceTitle "EXT 2020"]
[Source "ChessBase"]
[SourceDate "2019.10.17"]
[SourceVersion "1"]
[SourceVersionDate "2019.10.17"]
[SourceQuality "1"]

1. e4 c5 2. Nf3 e6 3. d4 cxd4 4. Nxd4 a6 5. Bd3 Bc5 6. Nb3 Be7 7. 0-0 Qc7 8. Nc3 Nf6 9. Be3 d6 10. f4 Nbd7 11. Qf3 b6 12. g4 g5 13. h3 h5 14. fxg5 Ne5 15. Qf4 Nh7 16. h4 hxg4 17. Be2 Nf8 18. Bd4 Nfg6 19. Qf2 Bd8 20. Bxe5 dxe5 21. Rad1 Bb7 22. Bxg4 Rxh4 23. Bf3 Bxg5 24. Nd2 Nf4 25. Qg3 0-0-0 26. Nc4 Qc5+ 0-1

[Event "HUN-chT2 Szechenyi 1112"]
[Site "Hungary"]
[Date "2012.05.06"]
[Round "10.9"]
[White "Szokolszky, Miklos"]
[Black "Magyar, Jozsef"]
[Result "1/2-1/2"]
[WhiteElo "1793"]
[BlackElo "1969"]
[PlyCount "73"]
[EventDate "2011.09.25"]
[EventType "team-tourn"]
[EventRounds "11"]
[EventCountry "HUN"]
[SourceTitle "EXT 2013"]
[Source "ChessBase"]
[SourceDate "2012.11.22"]
[SourceVersion "1"]
[SourceVersionDate "2012.11.22"]
[SourceQuality "1"]
[WhiteTeam "Sarvar"]
[BlackTeam "Pet"]
[WhiteTeamCountry "HUN"]
[BlackTeamCountry "HUN"]

1. e4 c6 2. d4 d5 3. e5 Bf5 4. Nf3 e6 5. Bd3 Bxd3 6. Qxd3 Nd7 7. 0-0 Ne7 8. Nbd2 Ng6 9. Re1 Be7 10. Nf1 c5 11. c3 cxd4 12. cxd4 Rc8 13. Bd2 Qb6 14. b3 0-0 15. Ng3 Bb4 16. Rac1 Qa5 17. Bxb4 Qxb4 18. h4 Qa3 19. Rc2 Ne7 20. Ree2 Nc6 21. Qe3 Nb4 22. Rcd2 Rc1+ 23. Kh2 Rfc8 24. Nh5 h6 25. Qf4 R1c2 26. Qg4 g6 27. Nf6+ Nxf6 28. exf6 Rxd2 29. Rxd2 h5 30. Qf4 Nc6 31. Rc2 Qf8 32. b4 Qxb4 33. Rc5 Kh7 34. Ng5+ Kg8 35. Ne4 Kh7 36. Ng5+ Kg8 37. Nf3 1/2-1/2

[Event "HUN-chT2 Szechenyi 1112"]
[Site "Hungary"]
[Date "2012.03.12"]
[Round "7.8"]
[White "Kiss, Balint"]
[Black "Szokolszky, Miklos"]
[Result "0-1"]
[WhiteElo "1821"]
[BlackElo "1793"]
[PlyCount "88"]
[EventDate "2011.09.25"]
[EventType "team-tourn"]
[EventRounds "11"]
[EventCountry "HUN"]
[SourceTitle "EXT 2013"]
[Source "ChessBase"]
[SourceDate "2012.11.22"]
[SourceVersion "1"]
[SourceVersionDate "2012.11.22"]
[SourceQuality "1"]
[WhiteTeam "Arboretum"]
[BlackTeam "Sarvar"]
[WhiteTeamCountry "HUN"]
[BlackTeamCountry "HUN"]

1. e4 e6 2. d4 d5 3. Nd2 Nf6 4. e5 Nfd7 5. Bd3 c5 6. c3 Qb6 7. Ne2 Nc6 8. Nf3 Be7 9. 0-0 0-0 10. Bb1 Re8 11. Nf4 Nf8 12. b3 cxd4 13. cxd4 Bd7 14. Bb2 Rac8 15. Bd3 Nb4 16. a3 Nxd3 17. Nxd3 Rc7 18. b4 Bb5 19. Re1 Bxd3 20. Qxd3 Rec8 21. Rac1 Rxc1 22. Rxc1 Rxc1+ 23. Bxc1 Qc6 24. Bb2 Qc4 25. Qxc4 dxc4 26. b5 Nd7 27. Kf1 Nb6 28. Nd2 c3 29. Bxc3 Bxa3 30. Ne4 Nd5 31. g3 Kf8 32. Bd2 b6 33. Nc3 Nc7 34. Nb1 Be7 35. Nc3 Bb4 36. Ke2 Bxc3 37. Bxc3 Nxb5 38. Bb2 Ke8 39. Kd3 Kd7 40. Kc4 Kc6 41. f4 a5 42. f5 Nc7 43. g4 b5+ 44. Kd3 Nd5 0-1

[Event "HUN-chT2 Szechenyi 1112"]
[Site "Hungary"]
[Date "2011.11.27"]
[Round "4.9"]
[White "Kaufmann, Attila"]
[Black "Szokolszky, Miklos"]
[Result "1/2-1/2"]
[WhiteElo "1912"]
[BlackElo "1793"]
[PlyCount "43"]
[EventDate "2011.09.25"]
[EventType "team-tourn"]
[EventRounds "11"]
[EventCountry "HUN"]
[SourceTitle "EXT 2013"]
[Source "ChessBase"]
[SourceDate "2012.11.22"]
[SourceVersion "1"]
[SourceVersionDate "2012.11.22"]
[SourceQuality "1"]
[WhiteTeam "Ajka Banyasz"]
[BlackTeam "Sarvar"]
[WhiteTeamCountry "HUN"]
[BlackTeamCountry "HUN"]

1. d4 d5 2. c4 e6 3. Nc3 Nf6 4. Nf3 c6 5. e3 Be7 6. Bd3 dxc4 7. Bxc4 b5 8. Bd3 a6 9. 0-0 0-0 10. Qe2 Nbd7 11. Rd1 Qb6 12. b3 Bb7 13. Bb2 Rac8 14. Rac1 c5 15. e4 cxd4 16. Nxd4 Nc5 17. Bb1 b4 18. Na4 Nxa4 19. bxa4 Rxc1 20. Rxc1 Rd8 21. Nb3 Rd7 22. a5 1/2-1/2

[Event "HUN-ch U12"]
[Site "Celldoemoelk"]
[Date "2011.07.01"]
[Round "5"]
[White "Szokolszky, Miklos"]
[Black "Szukics, Adam"]
[Result "1/2-1/2"]
[WhiteElo "1761"]
[BlackElo "1626"]
[PlyCount "62"]
[EventDate "2011.06.27"]
[EventType "swiss"]
[EventRounds "7"]
[EventCountry "HUN"]
[SourceTitle "EXT 2012"]
[Source "ChessBase"]
[SourceDate "2011.11.24"]
[SourceVersion "1"]
[SourceVersionDate "2011.11.24"]
[SourceQuality "1"]

1. e4 e5 2. Nf3 Nc6 3. Bc4 Bc5 4. c3 Nf6 5. d4 exd4 6. e5 d5 7. Bb3 Ne4 8. cxd4 Bb4+ 9. Bd2 Nxd2 10. Nbxd2 Bg4 11. Ba4 0-0 12. Bxc6 bxc6 13. Rc1 Qd7 14. Qa4 Bxf3 15. gxf3 Bxd2+ 16. Kxd2 Rab8 17. Rc2 Qf5 18. Ke2 f6 19. Qxc6 fxe5 20. Qxd5+ Kh8 21. Rhc1 exd4 22. Qxf5 Rxf5 23. Rxc7 Rxb2+ 24. R1c2 Rxc2+ 25. Rxc2 h6 26. a4 Kh7 27. Rc4 d3+ 28. Kxd3 Rxf3+ 29. Ke2 Rf5 30. Rb4 Kg6 31. Ke3 Rc5 1/2-1/2